00650cam a2200181 a 450000100100000000500170001000800410002703500190006804000360008708200180012310000570014124501110019826000590030930000270036865000190039565000230041470000310043700001052320200929162237.0821215s1925 sp 000 0 spa  a(DLC) 25000838 aDO-SdBNPbspacCarPdDLCdBNPHU a813.54bB244c1 aBarclay, Florence L.q(Florence Louisa),d1862-1921.13aLa castellana de Shenstone :bnovela /cFlorencia L. Barclay ; traducida del inglés Pablo M. de Salinas. aBarcelona :bSociedad general de publicaciones,c1925. a305 p., 1 l. ;c20 cm. 4aNovela inglesa 4aLiteratura inglesa1 aSalinas, Pablo M. de,etr.